000 nam a22 7a 4500
999 _c10489
_d10489
008 180217b ||||| |||| 00| 0 eng d
100 _aJain,M.J.etal.
_96408
245 _aKnow 'N' grow Series GK-5
260 _aJalandhar
_bLittle Angels